LEADER 01737oam 2200445 450 001 9910711418203321 005 20181017114905.0 035 $a(CKB)5470000002483863 035 $a(OCoLC)1057269458 035 $a(EXLCZ)995470000002483863 100 $a20181017d2018 ua 0 101 0 $aeng 135 $aurbn||||||||| 181 $ctxt$2rdacontent 182 $cc$2rdamedia 183 $acr$2rdacarrier 200 10$aRisk factors and indicators associated with radicalization to terrorism in the United States $ewhat research sponsored by the National Institute of Justice tells us /$fAllison G. Smith 210 1$aWashington, DC :$cU.S. Department Of Justice, Office of Justice Programs, National Institute of Justice,$d2018. 215 $a1 online resource (iv, 28 pages) 300 $a"June 2018." 300 $a"NCJ 251789." 320 $aIncludes bibliographical references (pages 25-27). 517 $aRisk factors and indicators associated with radicalization to terrorism in the United States 606 $aRadicalization 606 $aRadicalism$xPsychological aspects 606 $aPolitical violence$xPsychological aspects 606 $aTerrorism$xPsychological aspects 615 0$aRadicalization. 615 0$aRadicalism$xPsychological aspects. 615 0$aPolitical violence$xPsychological aspects. 615 0$aTerrorism$xPsychological aspects. 700 $aSmith$b Allison G.$01400666 712 02$aNational Institute of Justice (U.S.), 801 0$bGPO 801 1$bGPO 801 2$bGPO 906 $aBOOK 912 $a9910711418203321 996 $aRisk factors and indicators associated with radicalization to terrorism in the United States$93467997 997 $aUNINA